[Event "Wiesbaden op 32nd"]
[Site "Wiesbaden"]
[Date "2023.08.26"]
[Round "5"]
[White "Mohammadzadeh, Daris"]
[Black "Neininger, Sarah"]
[Result "1-0"]
[WhiteElo "1701"]
[BlackElo "1494"]
[PlyCount "45"]
[EventDate "2023.08.24"]
[EventType "swiss"]
[EventRounds "7"]
[EventCountry "GER"]
[SourceTitle "CBM 216 Extra"]
[Source "ChessBase"]
[SourceDate "2023.11.30"]
[SourceVersion "1"]
[SourceVersionDate "2023.11.30"]
[SourceQuality "1"]

1. e4 c5 2. Nc3 e6 3. d4 cxd4 4. Qxd4 Nc6 5. Qd3 Bb4 6. Bf4 Nge7 7. Nge2 0-0 8. 0-0-0 Ng6 9. Bd6 Bxd6 10. Qxd6 Nge5 11. Nd4 Qf6 12. Nxc6 dxc6 13. Be2 Ng6 14. Bf3 Nh4 15. Rhg1 Nxf3 16. gxf3 Qxf3 17. Rxg7+ Kxg7 18. Rg1+ Kf6 19. e5+ Kf5 20. Qxf8 Qf4+ 21. Kb1 Qxe5 22. Qxf7+ Qf6 23. Qh5+ 1-0

[Event "Wiesbaden op 32nd"]
[Site "Wiesbaden"]
[Date "2023.08.24"]
[Round "1"]
[White "Mohammadzadeh, Daris"]
[Black "Neukirchner, Pascal"]
[Result "0-1"]
[WhiteElo "1701"]
[BlackElo "2279"]
[PlyCount "80"]
[EventDate "2023.08.24"]
[EventType "swiss"]
[EventRounds "7"]
[EventCountry "GER"]
[SourceTitle "CBM 216 Extra"]
[Source "ChessBase"]
[SourceDate "2023.11.30"]
[SourceVersion "1"]
[SourceVersionDate "2023.11.30"]
[SourceQuality "1"]

1. e4 c5 2. Nc3 g6 3. d4 cxd4 4. Qxd4 Nf6 5. Nf3 Nc6 6. Qd3 Bg7 7. Nd5 0-0 8. c3 d6 9. Bg5 h6 10. Bxf6 exf6 11. Ne3 Re8 12. Be2 Qe7 13. Nd5 Qxe4 14. Qxe4 Rxe4 15. Nd2 Re5 16. Nc7 Rb8 17. Nc4 Re7 18. Nd5 Re8 19. Nde3 Bf8 20. 0-0-0 Re6 21. Rd2 b5 22. Na3 b4 23. cxb4 Nxb4 24. Bc4 Re8 25. Nac2 Nxc2 26. Kxc2 Be6 27. Kb1 Rec8 28. Bd5 f5 29. Re1 Rc5 30. Bf3 Bg7 31. Ree2 Rbb5 32. Rxd6 f4 33. Nd1 Rb4 34. a3 Rbc4 35. Nc3 Bxc3 36. bxc3 Rxc3 37. Ra6 Bc4 38. Re8+ Kg7 39. Rxa7 Rb5+ 40. Ka1 Rc1# 0-1

[Event "GER-ch U12"]
[Site "Willingen"]
[Date "2022.06.09"]
[Round "7"]
[White "Mohammadzadeh, Daris"]
[Black "Wylie, Leonard"]
[Result "0-1"]
[WhiteElo "1371"]
[BlackElo "1733"]
[PlyCount "120"]
[EventDate "2022.06.04"]
[EventType "swiss"]
[EventRounds "9"]
[EventCountry "GER"]
[SourceTitle "CBM 208 Extra"]
[Source "ChessBase"]
[SourceDate "2022.07.31"]
[SourceVersion "1"]
[SourceVersionDate "2022.07.31"]
[SourceQuality "1"]

1. e4 e6 2. d4 d5 3. Nd2 c5 4. exd5 exd5 5. Ngf3 Nc6 6. Bb5 Bd7 7. 0-0 cxd4 8. Nb3 a6 9. Re1+ Be7 10. Bf1 Nf6 11. Nbxd4 0-0 12. g3 Ne4 13. Be3 Bf6 14. c3 Bg4 15. Bg2 Re8 16. Nxc6 bxc6 17. Qc1 Rc8 18. Bf4 Qb6 19. Rf1 c5 20. h3 Bf5 21. Nd2 Nxd2 22. Bxd2 d4 23. Re1 Rxe1+ 24. Bxe1 c4 25. Qf4 Bg6 26. cxd4 Qxb2 27. Rc1 Qxd4 28. Qxd4 Bxd4 29. Bc3 Bxc3 30. Rxc3 Bd3 31. Bb7 Rc7 32. Bxa6 Kf8 33. Kg2 Ke7 34. Kf3 Kd6 35. a3 Kc5 36. Ke3 Kb6 37. Bxc4 Bxc4 38. f4 Be6 39. Rxc7 Kxc7 40. g4 g6 41. Kf3 h5 42. Kg3 hxg4 43. hxg4 Kb6 44. Kh4 f6 45. g5 f5 46. Kg3 Ka5 47. Kf3 Ka4 48. Ke3 Kxa3 49. Kd4 Bb3 50. Ke5 Bd1 51. Kf6 Bh5 52. Ke5 Kb3 53. Kd5 Kc3 54. Kc5 Kd3 55. Kd5 Ke3 56. Ke5 Kf3 57. Kd4 Kxf4 58. Kd3 Kxg5 59. Ke3 f4+ 60. Kf2 Kg4 0-1

[Event "GER-ch U12"]
[Site "Willingen"]
[Date "2022.06.08"]
[Round "6"]
[White "Hellenbroich, Hanno"]
[Black "Mohammadzadeh, Daris"]
[Result "1/2-1/2"]
[WhiteElo "1274"]
[BlackElo "1371"]
[PlyCount "83"]
[EventDate "2022.06.04"]
[EventType "swiss"]
[EventRounds "9"]
[EventCountry "GER"]
[SourceTitle "CBM 208 Extra"]
[Source "ChessBase"]
[SourceDate "2022.07.31"]
[SourceVersion "1"]
[SourceVersionDate "2022.07.31"]
[SourceQuality "1"]

1. e4 c5 2. Nc3 Nc6 3. g3 Nf6 4. Bg2 d6 5. d3 g6 6. f4 Bg7 7. Nf3 Bd7 8. 0-0 0-0 9. h3 a6 10. a4 Qc7 11. g4 Rfc8 12. g5 Ne8 13. Nd5 Qd8 14. a5 Rab8 15. Nb6 Rc7 16. c3 e6 17. Be3 Ne7 18. d4 Bc6 19. Nh4 cxd4 20. Bxd4 Bxd4+ 21. Qxd4 Nc8 22. Nc4 Bb5 23. b3 Bxc4 24. bxc4 Ne7 25. f5 Rbc8 26. fxe6 fxe6 27. Ra2 Nc6 28. Rf8+ Kxf8 29. Qh8+ Kf7 30. Rf2+ Nf6 31. Qxh7+ Ke8 32. Qxg6+ Kd7 33. gxf6 Ne5 34. Qg7+ Kc6 35. f7 Nxf7 36. Rxf7 Rxf7 37. Qxf7 Qxh4 38. e5+ Kc5 39. Qxe6 Qe1+ 40. Bf1 Qe3+ 41. Kh1 Qf3+ 42. Bg2 1/2-1/2

[Event "Heusenstamm Sparkassen op U14 7th"]
[Site "Heusenstamm"]
[Date "2021.11.20"]
[Round "3.1"]
[White "Dubinker, Philipp"]
[Black "Mohammadzadeh, Daris"]
[Result "1/2-1/2"]
[WhiteElo "1572"]
[BlackElo "1335"]
[PlyCount "103"]
[EventDate "2021.11.19"]
[EventType "swiss"]
[EventRounds "7"]
[EventCountry "GER"]
[SourceTitle "EXT 2023"]
[Source "ChessBase"]
[SourceDate "2022.10.05"]
[SourceVersion "1"]
[SourceVersionDate "2022.10.05"]
[SourceQuality "1"]

1. e4 c5 2. Nf3 g6 3. d4 cxd4 4. Nxd4 Nf6 5. Nc3 d6 6. Be3 Bg7 7. f3 Nc6 8. Bc4 a6 9. Bb3 Bd7 10. Qd2 h5 11. 0-0-0 b5 12. Kb1 Rc8 13. Qf2 Qc7 14. Bg5 Nxd4 15. Qxd4 Qc5 16. Qxc5 Rxc5 17. Nd5 Nxd5 18. Rxd5 Bc6 19. Rxc5 dxc5 20. c4 b4 21. Rd1 Bd4 22. Rd3 f6 23. Be3 e5 24. Kc2 a5 25. Kc1 Ke7 26. Bc2 Rd8 27. Kd2 Bxe3+ 28. Kxe3 Rxd3+ 29. Kxd3 a4 30. g3 g5 31. h4 gxh4 32. gxh4 f5 33. exf5 Bxf3 34. Ke3 Bc6 35. Bd1 Kf6 36. Bxh5 Kxf5 37. Bf3 Be8 38. Bd1 Bf7 39. b3 a3 40. h5 Ke6 41. Ke4 Bg8 42. Bg4+ Kf6 43. Be2 Bh7+ 44. Kd5 Bc2 45. Kxc5 Bxb3 46. Kxb4 Bxa2 47. Kxa3 Bxc4 48. Bxc4 Kg7 49. Kb4 e4 50. Be2 e3 51. Kc5 Kh8 52. Kd6 1/2-1/2

[Event "GER-ch U10"]
[Site "Willingen"]
[Date "2020.10.28"]
[Round "3"]
[White "Meng, Yuxuan"]
[Black "Mohammadzadeh, Daris"]
[Result "0-1"]
[WhiteElo "1515"]
[BlackElo "1311"]
[PlyCount "94"]
[EventDate "2020.10.26"]
[EventType "swiss"]
[EventRounds "7"]
[EventCountry "GER"]
[SourceTitle "CBM 199 Extra"]
[Source "ChessBase"]
[SourceDate "2021.01.31"]
[SourceVersion "1"]
[SourceVersionDate "2021.01.31"]
[SourceQuality "1"]

1. e4 c5 2. Nf3 Nc6 3. d4 cxd4 4. Nxd4 g6 5. Nc3 Bg7 6. Be3 Nf6 7. f3 0-0 8. Qd2 d5 9. 0-0-0 Nxd4 10. Bxd4 dxe4 11. fxe4 Qc7 12. h3 Be6 13. Kb1 Qa5 14. a3 Rfd8 15. Qe3 a6 16. Be2 Qc7 17. g4 Bc4 18. Bf3 e5 19. Bb6 Rxd1+ 20. Rxd1 Qc6 21. g5 Nd7 22. Nd5 Bxd5 23. exd5 Qxb6 24. Qxb6 Nxb6 25. d6 Rd8 26. Bxb7 a5 27. Bc6 Nd7 28. c4 Bf8 29. b4 axb4 30. axb4 Nb8 31. Bd5 Rxd6 32. c5 Rd7 33. Kc2 Na6 34. Kb3 Bxc5 35. bxc5 Nxc5+ 36. Kc4 Ne6 37. Re1 Rc7+ 38. Kb4 Nxg5 39. h4 Ne6 40. Rxe5 Nd4 41. Be4 Nc6+ 42. Bxc6 Rxc6 43. Re8+ Kg7 44. Re2 Re6 45. Rh2 Re4+ 46. Kc5 Kh6 47. Kd5 f5 0-1